Statistics for Facts about the Church of Jesus Christ of Latter Day Saints

Click here to take the quiz!

General Stats

  • This quiz has been taken 23 times
  • The average score is 5 of 17

Answer Stats

HintAnswer% Correct
How young were Joseph Smith's youngest wives?14
89%
How many wives will the current prophet, Russell M. Nelson, have in heaven?2
79%
At least how many of his wives were already married to another living man?11
63%
How old was Joseph Smith when he married his youngest wives?37
58%
In LDS marriages, the spouses are sealed to each other for eternity. What earthly process doesn't automatically break this sealing?Divorce
53%
Up to how many wives did Joseph Smith have in total?40
47%
Mormon members still practice polygamy. How is this possible?In Death
37%
What was the method of destruction?Fire
26%
What organization did Joseph Smith join in 1842?Freemasons
21%
Joseph Smith was accused of being an imposter by using seer stones to find treasure in 1826, what else did Joseph use a seer stone in a hat for?Revealing the Book of Mormon
21%
The Book of Mormon is claimed to be perfect. It contains barley, horses, steel, and chariots existing in the ancient Americas. What are these types of errors called?Anachronisms
11%
What did JS offer his youngest wife and her family in return for marriage?Eternal Life
11%
Joseph Smith ordered the destruction of what item after the Nauvoo Expositor informed the public of his polygamist practices?Printing Press
11%
How much was Joseph Smith's bail for this crime?$500
5%
JS Smith acquired Egyptian papyri which he claimed was the Book of Abraham, what was it actually?Common Funeral Texts
5%
What temple ceremony was ripped off from masonic rituals?Endowment
5%
What part of that ceremony was removed in 1990 from practice due to making members uncomfortable from innappropriately touching them? Five Points of Fellowship
0%

Score Distribution

Percentile by Number Answered

Percent of People with Each Score

Your Score History

You have not taken this quiz